Termination of tenancies (Record no. 84483)

MARC details
000 -LEADER
fixed length control field 00698cab a22001935a 4500
001 - CONTROL NUMBER
control field L157899
008 - FIXED-LENGTH DATA ELEMENTS--GENERAL INFORMATION
fixed length control field 130628e20130622xxk 000 0 eng d
035 ## - SYSTEM CONTROL NUMBER
System control number (Sirsi) u157899
041 0# - LANGUAGE CODE
Language code of text/sound track or separate title eng
100 1# - MAIN ENTRY--PERSONAL NAME
Personal name Pawlowski, Mark
245 00 - TITLE STATEMENT
Title Termination of tenancies
Remainder of title another year goes by
260 ## - PUBLICATION, DISTRIBUTION, ETC.
Date of publication, distribution, etc. 2013
490 ## - SERIES STATEMENT
Series statement Estates Gazette
Volume/sequential designation (1325) 22 June 2013, 101(1)
520 ## - SUMMARY, ETC.
Summary, etc. Reflects on the slow progress of making the Termination of Tenancies Bill law. Comments on the length of time that this bill has been waiting to be implemented and how reform in this area is long overdue.
590 ## - LOCAL NOTE (RLIN)
Local note KA
651 #4 - SUBJECT ADDED ENTRY--GEOGRAPHIC NAME
Geographic name England and Wales
Chronological subdivision 1543-
690 ## - LOCAL SUBJECT ADDED ENTRY--TOPICAL TERM (OCLC, RLIN)
Topical term or geographic name as entry element Landlord and tenant
9 (RLIN) 6252
942 ## - ADDED ENTRY ELEMENTS (KOHA)
Suppress in OPAC 0
Holdings
Withdrawn status Lost status Source of classification or shelving scheme Damaged status Not for loan Home library Current library Shelving location Date acquired Total Checkouts Full call number Barcode Date last seen Copy number Price effective from Koha item type
    Dewey Decimal Classification     London London Journal article 28/06/2013   L157899 157899-1001 06/08/2019 1 06/08/2019 Journal article